000 01593nam a2200373 c 4500
003 BLK
005 20180420213445.0
008 180412b bul|||||r ||||||| ||bul||
010 _aKNG00002856000
020 _a954-8474-10-7
_bиздат.: Нисофт - на том(ч. 1)(не е отпеч.)
040 _aBLK
041 _aBUL
_cBUL
080 _aЕзици за програмиране
_b519.682
_x(035)
_z519.682(035)
080 _aПрограмно осигурявяне (Софтуер). Вж и 519.68 ; 800.92
_b681.3.06
_x(035)
_z681.3.06(035)
139 _a[Борленд] Borland Pascal 7.0
_bБ 66
245 1 0 _a[Борленд] Borland Pascal 7.0
_bРъководство на програмиста : Ч. 1 - 2
_nЧ. 1
257 _aUSA
260 София
_c1994
300 _c24 см
380 _a62
490 1 _aБиблиотека на програмиста
500 _a1 000 тир.
650 4 _aПаскал - програмиране - наръчници и ръководства
_9245042
650 4 _aИзчислителни машини, електронни - програмиране - наръчници и ръководства
_9241820
653 _aезици за програмиране
653 _aПаскал
653 _aPascal
760 1 _3- на том(ч. 1)(не е отпеч.)
_dНисофт, 1994
_h400 с.: със сх., табл.
_tЧ. 1
852 _aЦб 178271
856 4 _qpdf
_u
856 4 _qpdf
_u
942 _cKNG
_n0
944 _aCR
_c15.01.2003
_kКети_Илиева
944 _aED
_c28.10.2015
_kСимона_Петрова
999 _c1941
_d1941